| 000 | 01165cad a22002295a 4500 | ||
|---|---|---|---|
| 001 | L146377 | ||
| 008 | 090113e20090108xxkd f s a000 0 eng d | ||
| 035 | _a(Sirsi) u146377 | ||
| 041 | 0 | _aeng | |
| 050 | 0 | 4 | _a333.11 $2 18 |
| 110 | 2 |
_aHomes and Communities Agency _95688 |
|
| 245 | 0 | 0 |
_aHomes and Communities Agency register of surplus public sector land _h[electronic resource] |
| 260 |
_aLondon _bHCA _c2009 |
||
| 490 | 0 |
_aHomes and Communities Agency Register of Public Sector Land _vDecember 2008 |
|
| 520 | _aThe register provides participating public sector organisations with comprehensive information on the availability of surplus land throughout England. It also seeks to ensure that wider government objectives, including housing needs and regional economic and housing strategies are factored into land disposal decisions. | ||
| 521 | _aAdvanced | ||
| 590 | _aKA | ||
| 651 | 4 |
_aEngland and Wales _y1543- |
|
| 690 | _aPROPERTY-PROPERTY DEVELOPMENT-STRATEGIC PROPERTY DEVELOPMENT | ||
| 856 | 4 | 0 |
_uhttps://www.homesandcommunities.co.uk/Surplus_public_sector_land _zView the item free of charge online at www.homesandcommunities.co.uk... |
| 942 | _n0 | ||
| 999 |
_c109147 _d109147 |
||